000 01453nam0a2200361 4500
001 RU\NLR\bibl\1360916
005 20250615183545.0
010 _a978-5-903727-09-4
_9500
021 _aRU
_b2009-15256
_9903
035 _a(NLR Aleph) 001353091
090 _a933474
_c933474
100 _a20090422d2009 |||y0rusy50 ca
101 0 _arus
102 _aRU
105 _ay |||||||||
200 1 _aМировой экономический порядок и вызовы для России на современном этапе трансформации Вестфальской системы мира
_fО.Н. Бабурина
210 _aНовороссийск
_cТакт-М
_d2009
215 _a96 с.
_d30
300 _aВ вып. дан. авт.: Бабурина О.Н., к.э.н.
320 _aБиблиогр.: с. 90-96 (71 назв.)
606 1 _aМировое хозяйство
_xГлобализация
_92086980
_3RU\NLR\auth\661263131
607 _aРоссийская Федерация
_xНародное хозяйство
_xСтратегическое планирование
_92326294
_3RU\NLR\auth\661391420
686 _aУ58
686 _aУ26(0)86
686 _aУ23(2)2
700 1 _aБабурина
_bО. Н.
_gОльга Николаевна
_4070
801 0 _aRU
_bNLR
_c20090422
_gRCR
801 1 _aRU
_bNLR
_c20090422
942 _cBOOK
980 _aNB
980 _aNBR